Classements ballon d'or depuis 2010 (easy mode) - Statistiques

Statistiques générales
  • Ce quiz a été pris 103 fois
  • Le résultat moyen est 290 sur 408
Statistiques - réponses
Année Position Club Nationalité Réponse % Correct
2025 1 Paris Saint-Germain France Ousmane Dembélé
99%
- 2 FC Barcelone Espagne Lamine Yamal
93%
- 8 FC Barcelone Espagne Lamine Yamal
93%
- 4 Liverpool FC Egypte Mohamed Salah
93%
- 11 Liverpool FC Egypte Mohamed Salah
93%
- 5 Liverpool FC Egypte Mohamed Salah
93%
- 7 Liverpool FC Egypte Mohamed Salah
93%
- 5 Liverpool FC Egypte Mohamed Salah
93%
- 6 Liverpool FC Egypte Mohamed Salah
93%
- 7 Real Madrid France Kylian Mbappé
92%
- 6 Paris Saint-Germain France Kylian Mbappé
92%
- 3 Paris Saint-Germain France Kylian Mbappé
92%
- 6 Paris Saint-Germain France Kylian Mbappé
92%
- 9 Paris Saint-Germain France Kylian Mbappé
92%
- 6 Paris Saint-Germain France Kylian Mbappé
92%
- 4 Paris Saint-Germain France Kylian Mbappé
92%
- 7 AS Monaco France Kylian Mbappé
92%
- 6 Paris Saint-Germain Maroc Achraf Hakimi
91%
- 13 Bayern Munich Angleterre Harry Kane
91%
- 10 Bayern Munich Angleterre Harry Kane
91%
- 19 Tottenham Hotspur Angleterre Harry Kane
91%
- 21 Tottenham Hotspur Angleterre Harry Kane
91%
- 23 Tottenham Hotspur Angleterre Harry Kane
91%
- 10 Tottenham Hotspur Angleterre Harry Kane
91%
- 10 Tottenham Hotspur Angleterre Harry Kane
91%
2023 1 Paris Saint-Germain Argentine Lionel Messi
91%
2021 1 FC Barcelone Argentine Lionel Messi
91%
2019 1 FC Barcelone Argentine Lionel Messi
91%
- 5 FC Barcelone Argentine Lionel Messi
91%
- 2 FC Barcelone Argentine Lionel Messi
91%
- 2 FC Barcelone Argentine Lionel Messi
91%
2015 1 FC Barcelone Argentine Lionel Messi
91%
- 2 FC Barcelone Argentine Lionel Messi
91%
- 2 FC Barcelone Argentine Lionel Messi
91%
2012 1 FC Barcelone Argentine Lionel Messi
91%
2011 1 FC Barcelone Argentine Lionel Messi
91%
2010 1 FC Barcelone Argentine Lionel Messi
91%
- 17 FC Barcelone Pologne Robert Lewandowski
91%
- 12 FC Barcelone Pologne Robert Lewandowski
91%
- 4 Bayern Munich Pologne Robert Lewandowski
91%
- 2 Bayern Munich Pologne Robert Lewandowski
91%
- 8 Bayern Munich Pologne Robert Lewandowski
91%
- 9 Bayern Munich Pologne Robert Lewandowski
91%
- 16 Bayern Munich Pologne Robert Lewandowski
91%
- 4 Bayern Munich Pologne Robert Lewandowski
91%
- 13 Borussia Dortmund Pologne Robert Lewandowski
91%
- 16 Real Madrid Brésil Vinicius
91%
- 2 Real Madrid Brésil Vinicius
91%
- 5 Real Madrid Brésil Vinicius
91%
- 8 Real Madrid Brésil Vinicius
91%
- 20 Manchester United Portugal Cristiano Ronaldo
89%
- 6 Juventus Turin Portugal Cristiano Ronaldo
89%
- 3 Juventus Turin Portugal Cristiano Ronaldo
89%
- 2 Real Madrid Portugal Cristiano Ronaldo
89%
2017 1 Real Madrid Portugal Cristiano Ronaldo
89%
2016 1 Real Madrid Portugal Cristiano Ronaldo
89%
- 2 Real Madrid Portugal Cristiano Ronaldo
89%
2014 1 Real Madrid Portugal Cristiano Ronaldo
89%
2013 1 Real Madrid Portugal Cristiano Ronaldo
89%
- 2 Real Madrid Portugal Cristiano Ronaldo
89%
- 2 Real Madrid Portugal Cristiano Ronaldo
89%
- 6 Real Madrid Portugal Cristiano Ronaldo
89%
- 26 Manchester City Norvège Erling Haaland
89%
- 5 Manchester City Norvège Erling Haaland
89%
- 2 Manchester City Norvège Erling Haaland
89%
- 10 Borussia Dortmund Norvège Erling Haaland
89%
- 11 Borussia Dortmund Norvège Erling Haaland
89%
- 9 Paris Saint-Germain Italie Gianluigi Donnarumma
88%
- 10 AC Milan Italie Gianluigi Donnarumma
88%
2024 1 Manchester City Espagne Rodri
88%
- 6 Manchester City Espagne Rodri
88%
- 3 Paris Saint-Germain Portugal Vitinha
88%
- 27 Paris Saint-Germain Portugal Vitinha
88%
- 12 Paris Saint-Germain Géorgie Khvicha Kvaratskhelia
87%
- 17 Naples Géorgie Khvicha Kvaratskhelia
87%
- 10 Paris Saint-Germain Portugal Nuno Mendes
87%
- 11 FC Barcelone Espagne Pedri
87%
- 24 FC Barcelone Espagne Pedri
87%
- 23 Real Madrid Angleterre Jude Bellingham
85%
- 3 Real Madrid Angleterre Jude Bellingham
85%
- 18 Borussia Dortmud Angleterre Jude Bellingham
85%
- 20 Inter Milan Argentine Lautaro Martinez
85%
- 7 Inter Milan Argentine Lautaro Martinez
85%
- 20 Inter Milan Argentine Lautaro Martinez
85%
- 21 Inter Milan Argentine Lautaro Martinez
85%
- 5 FC Barcelone Brésil Raphinha
85%
- 21 Atlético Madrid France Antoine Griezmann
84%
- 18 Atlético Madrid France Antoine Griezmann
84%
- 3 Atlético Madrid France Antoine Griezmann
84%
- 18 Atlético Madrid France Antoine Griezmann
84%
- 3 Atlético Madrid France Antoine Griezmann
84%
- 8 Chelsea Angleterre Cole Palmer
84%
- 25 Chelsea Angleterre Cole Palmer
84%
- 14 Paris Saint-Germain France Désiré Doué
84%
- 16 Real Madrid France Karim Benzema
84%
2022 1 Real Madrid France Karim Benzema
84%
- 4 Real Madrid France Karim Benzema
84%
- 26 Real Madrid France Karim Benzema
84%
- 17 Real Madrid France Karim Benzema
84%
- 25 Real Madrid France Karim Benzema
84%
- 20 Real Madrid France Karim Benzema
84%
- 16 Real Madrid France Karim Benzema
84%
- 21 Real Madrid France Karim Benzema
84%
- 19 Real Madrid France Karim Benzema
84%
- 10 Real Madrid Croatie Luka Modric
84%
- 9 Real Madrid Croatie Luka Modric
84%
- 29 Real Madrid Croatie Luka Modric
84%
2018 1 Real Madrid Croatie Luka Modric
84%
- 5 Real Madrid Croatie Luka Modric
84%
- 17 Real Madrid Croatie Luka Modric
84%
- 18 Aston Villa Argentine Emiliano Martinez
83%
- 15 Aston Villa Argentine Emiliano Martinez
83%
- 19 Paris Saint-Germain Portugal Joao Neves
81%
- 2 Liverpool FC Sénégal Sadio Mané
81%
- 4 Liverpool FC Sénégal Sadio Mané
81%
- 22 Liverpool FC Sénégal Sadio Mané
81%
- 23 Liverpool FC Sénégal Sadio Mané
81%
- 28 Liverpool FC Pays-Bas Virgil Van Dijk
81%
- 16 Liverpool FC Pays-Bas Virgil Van Dijk
81%
- 2 Liverpool FC Pays-Bas Virgil Van Dijk
81%
- 4 Manchester City Belgique Kevin De Bruyne
80%
- 3 Manchester City Belgique Kevin De Bruyne
80%
- 8 Manchester City Belgique Kevin De Bruyne
80%
- 14 Manchester City Belgique Kevin de Bruyne
80%
- 9 Manchester City Belgique Kevin De Bruyne
80%
- 14 Manchester City Belgique Kevin De Bruyne
80%
- 20 Manchester City Belgique Kevin De Bruyne
80%
- 18 Vfl Wolfsburg Belgique Kevin De Bruyne
80%
- 30 Bayern Munich France Michael Olise
80%
- 16 Paris Saint-Germain Brésil Neymar
80%
- 12 Paris Saint-Germain Brésil Neymar
80%
- 3 FC Barcelone Brésil Neymar
80%
- 5 FC Barcelone Brésil Neymar
80%
- 3 FC Barcelone Brésil Neymar
80%
- 7 FC Barcelone Brésil Neymar
80%
- 5 FC Barcelone Brésil Neymar
80%
- 13 Santos FC Brésil Neymar
80%
- 10 Santos FC Brésil Neymar
80%
- 7 Real Madrid Belgique Thibaut Courtois
80%
- 14 Chelsea Belgique Thibaut Courtois
80%
- 20 Atlético Madrid Belgique Thibaut Courtois
80%
- 15 Sporting CP Suède Viktor Gyökeres
80%
- 18 Naples Ecosse Scott McTominay
79%
- 9 Real Madrid Allemagne Toni Kroos
79%
- 17 Real Madrid Allemagne Toni Kroos
79%
- 17 Real Madrid Allemagne Toni Kroos
79%
- 21 Real Madrid Allemagne Toni Kroos
79%
- 9 Bayern Munich Allemagne Toni Kroos
79%
- 21 Arsenal FC Angleterre Bukayo Saka
77%
- 24 Arsenal FC Angleterre Bukayo Saka
77%
- 27 Arsenal FC Angleterre Declan Rice
77%
- 26 Arsenal FC Angleterre Declan Rice
77%
- 29 Bayer Leverkusen Allemagne Florian Wirtz
77%
- 12 Bayer Leverkusen Allemagne Florian Wirtz
77%
- 3 Bayern Munich France Franck Ribéry
77%
- 5 Chelsea France N'Golo Kanté
77%
- 11 Chelsea France N'Golo Kanté
77%
- 8 Chelsea France N'Golo Kanté
77%
- 21 Borussia Dortmund Guinée Serhou Guirassy
77%
- 22 Real Madrid Allemagne Antonio Rüdiger
76%
- 25 Chelsea Allemagne Antonio Rüdiger
76%
- 4 Real Madrid Espagne Dani Carvajal
76%
- 13 Chelsea Belgique Eden Hazard
76%
- 8 Chelsea Belgique Eden Hazard
76%
- 19 Chelsea Belgique Eden Hazard
76%
- 8 Chelsea Belgique Eden Hazard
76%
- 21 Chelsea Belgique Eden Hazard
76%
- 22 Chelsea Belgique Eden Hazard
76%
- 24 Paris Saint-Germain Espagne Fabian Ruiz
76%
- 4 Juventus Turin Italie Gianluigi Buffon
76%
- 9 Juventus Turin Italie Gianluigi Buffon
76%
- 16 Juventus Turin Italie Gianluigi Buffon
76%
- 17 Atlético Madrid Uruguay Luis Suarez
76%
- 13 FC Barcelone Uruguay Luis Suarez
76%
- 13 FC Barcelone Uruguay Luis Suarez
76%
- 4 FC Barcelone Uruguay Luis Suarez
76%
- 5 FC Barcelone Uruguay Luis Suarez
76%
- 19 Liverpool FC Uruguay Luis Suarez
76%
- 6 Liverpool FC Uruguay Luis Suarez
76%
- 17 Real Madrid Uruguay Federico Valverde
75%
- 20 Bayern Munich Allemagne Manuel Neuer
75%
- 7 Bayern Munich Allemagne Manuel Neuer
75%
- 3 Bayern Munich Allemagne Manuel Neuer
75%
- 23 Bayern Munich Allemagne Manuel Neuer
75%
- 19 Bayern Munich Allemagne Manuel Neuer
75%
- 22 Liverpool FC Argentine Alexis Mac Allister
73%
- 25 Inter Milan Pays-Bas Denzel Dumfries
73%
- 11 Tottenham Hotspur Corée du sud Heung-min Son
73%
- 22 Tottenham Hotspur Corée du sud Heung-min Son
73%
- 23 Tottenham Hotspur France Hugo Lloris
73%
- 29 Tottenham Hotspur France Hugo Lloris
73%
- 20 Tottenham Hotspur France Hugo Lloris
73%
- 19 Arsenal FC Norvège Martin Odegaard
73%
- 28 Arsenal FC Norvège Martin Odegaard
73%
- 22 Naples Corée du sud Min-jae Kim
73%
- 12 Manchester City Algérie Riyad Mahrez
73%
- 20 Manchester City Algérie Riyad Mahrez
73%
- 10 Manchester City Algérie Riyad Mahrez
73%
- 7 Leicester City Algérie Riyad Mahrez
73%
- 24 Arsenal FC France William Saliba
73%
- 13 Paris Saint-Germain Suède Zlatan Ibrahimovic
73%
- 11 Paris Saint-Germain Suède Zlatan Ibrahimovic
73%
- 12 Paris Saint-Germain Suède Zlatan Ibrahimovic
73%
- 4 Paris Saint-Germain Suède Zlatan Ibrahimovic
73%
- 10 AC Milan Suède Zlatan Ibrahimovic
73%
- 20 FC Barcelone Espagne Andrés Iniesta
72%
- 9 FC Barcelone Espagne Andrés Iniesta
72%
- 17 FC Barcelone Espagne Andrés Iniesta
72%
- 6 FC Barcelone Espagne Andrés Iniesta
72%
- 3 FC Barcelone Espagne Andrés Iniesta
72%
- 4 FC Barcelone Espagne Andrés Iniesta
72%
- 2 FC Barcelone Espagne Andrés Iniesta
72%
- 17 Real Madrid Pays de Galles Gareth Bale
72%
- 6 Real Madrid Pays de Galles Gareth Bale
72%
- 16 Real Madrid Pays de Galles Gareth Bale
72%
- 12 Real Madrid Pays de Galles Gareth Bale
72%
- 9 Tottenham Hotspur Pays de Galles Gareth Bale
72%
- 7 Real Madrid France Raphaël Varane
72%
- 23 Manchester City Portugal Ruben Dias
72%
- 30 Manchester City Portugal Ruben Dias
72%
- 26 Manchester City Portugal Ruben Dias
72%
- 15 FC Barcelone Espagne Xavi
72%
- 4 FC Barcelone Espagne Xavi
72%
- 3 FC Barcelone Espagne Xavi
72%
- 3 FC Barcelone Espagne Xavi
72%
- 14 Atalanta Bergame Nigéria Ademola Lookman
71%
- 9 Manchester City Portugal Bernardo Silva
71%
- 22 Manchester City Portugal Bernardo Silva
71%
- 9 Manchester City Portugal Bernardo Silva
71%
- 15 Manchester United France Paul Pogba
71%
- 14 Juventus Turin France Paul Pogba
71%
- 15 Juventus Turin France Paul Pogba
71%
- 22 Juventus Turin France Paul Pogba
71%
- 11 Manchester City Angleterre Phil Foden
71%
- 22 Manchester City Angleterre Phil Foden
71%
- 25 Manchester City Angleterre Phil Foden
71%
- 21 Paris Saint-Germain Brésil Thiago Silva
71%
- 8 Naples Nigéria Victor Osimhen
71%
- 22 Paris Saint-Germain Uruguay Edinson Cavani
69%
- 11 Paris Saint-Germain Uruguay Edinson Cavani
69%
- 20 Naples Uruguay Edinson Cavani
69%
- 16 Bayer Leverkusen Suisse Granit Xhaka
69%
- 3 Chelsea Italie Jorginho
69%
- 20 Bayern Munich Allemagne Thomas Müller
69%
- 6 Bayern Munich Allemagne Thomas Müller
69%
- 5 Bayern Munich Allemagne Thomas Müller
69%
- 17 Bayern Munich Allemagne Thomas Müller
69%
- 13 Bayern Munich Allemagne Thomas Müller
69%
- 15 Bayern Munich Allemagne Thomas Müller
69%
- 21 Bayern Munich Pays-Bas Arjen Robben
68%
- 4 Bayern Munich Pays-Bas Arjen Robben
68%
- 8 Bayern Munich Pays-Bas Arjen Robben
68%
- 14 Bayern Munich Pays-Bas Arjen Robben
68%
- 17 West Ham United France Dimitri Payet
68%
- 24 AS Monaco Colombie Radamel Falcao
68%
- 11 Atlético Madrid Colombie Radamel Falcao
68%
- 5 Atlético Madrid Colombie Radamel Falcao
68%
- 28 Eintracht Francfort France Randal Kolo Muani
68%
- 19 Real Madrid Espagne Sergio Ramos
68%
- 6 Real Madrid Espagne Sergio Ramos
68%
- 20 Real Madrid Espagne Sergio Ramos
68%
- 23 Real Madrid Espagne Sergio Ramos
68%
- 18 Real Madrid Espagne Sergio Ramos
68%
- 15 Athlétic Bilbao Espagne Nico Williams
67%
- 16 Manchester City Argentine Sergio Agüero
67%
- 16 Manchester City Argentine Sergio Agüero
67%
- 20 Manchester City Argentine Sergio Agüero
67%
- 13 Manchester City Argentine Sergio Agüero
67%
- 17 Manchester City Argentine Sergio Agüero
67%
- 16 Atlético Madrid Argentine Sergio Agüero
67%
- 14 Manchester City Allemagne Ilkay Gündogan
65%
- 19 FC Barcelone Croatie Ivan Rakitic
65%
- 23 FC Barcelone Croatie Ivan Rakitic
65%
- 25 Atlético Madrid Slovénie Jan Oblak
65%
- 26 Atlético Madrid Slovénie Jan Oblak
65%
- 28 Paris Saint-Germain Brésil Marquinhos
65%
- 6 Bayern Munich Allemagne Philipp Lahm
65%
- 14 Bayern Munich Allemagne Philipp Lahm
65%
- 22 Bayern Munich Allemagne Philipp Lahm
65%
- 14 AC Milan Portugal Rafael Leao
65%
- 17 Liverpool FC Brésil Roberto Firmino
65%
- 19 Liverpool FC Brésil Roberto Firmino
65%
- 12 Manchester City Côte d'Ivoire Yaya Touré
65%
- 14 Manchester City Côte d'Ivoire Yaya Touré
65%
- 12 Manchester City Côte d'Ivoire Yaya Touré
65%
- 12 Manchester City Côte d'Ivoire Yaya Touré
65%
- 7 Liverpool FC Brésil Alisson Becker
64%
- 25 AS Rome Brésil Alisson Becker
64%
- 21 Manchester United Portugal Bruno Fernandes
64%
- 11 Ajax Amsterdam Pays-Bas Frenkie de Jong
64%
- 13 Juventus Turin Italie Giorgio Chiellini
64%
- 19 Real Madrid Colombie James Rodriguez
64%
- 8 AS Monaco Colombie James Rodriguez
64%
- 25 Bayern Munich Allemagne Joshua Kimmich
64%
- 25 AC Milan France Mike Maignan
64%
- 20 Arsenal FC Gabon Pierre-Emerick Aubameyang
64%
- 21 Borussia Dortmund Gabon Pierre-Emerick Aubameyang
64%
- 11 Borussia Dortmund Gabon Pierre-Emerick Aubameyang
64%
- 12 Inter Milan Belgique Romelu Lukaku
64%
- 28 Bayer Leverkusen Espagne Alex Grimaldo
63%
- 8 Chelsea Côte d'Ivoire Didier Drogba
63%
- 9 Chelsea Côte d'Ivoire Didier Drogba
63%
- 17 Liverpool FC Colombie Luis Díaz
63%
- 15 Ajax Amsterdam Pays-Bas Matthijs de Ligt
63%
- 9 Real Madrid Portugal Pepe
63%
- 10 Arsenal FC Chili Alexis Sanchez
61%
- 23 Inter Milan Cameroun André Onana
61%
- 17 Real Madrid Brésil Casemiro
61%
- 28 Atlético Madrid Uruguay Diego Godín
61%
- 20 Atlético Madrid Uruguay Diego Godín
61%
- 20 Inter Milan Turquie Hakan Calhanoglu
61%
- 8 Leicester City Angleterre Jamie Vardy
61%
- 10 Real Madrid Argentine Ángel Di María
60%
- 14 Bayern Munich Chili Arturo Vidal
60%
- 17 Juventus Turin Chili Arturo Vidal
60%
- 14 Juventus Turin Italie Leonardo Bonucci
60%
- 21 Juventus Turin Italie Leonardo Bonucci
60%
- 8 Inter Milan Cameroun Samuel Eto'o
60%
- 12 Inter Milan Cameroun Samuel Eto'o
60%
- 25 RB Leipzig France Christopher Nkunku
59%
- 22 Real Madrid Brésil Marcelo
59%
- 16 Real Madrid Brésil Marcelo
59%
- 13 RB Leipzig Espagne Dani Olmo
57%
- 17 Juventus Turin Serbie Dušan Vlahović
57%
- 28 AS Rome Bosnie Edin Džeko
57%
- 21 FC Barcelone Espagne Gerard Piqué
57%
- 23 FC Barcelone Espagne Gerard Piqué
57%
- 26 Bayern Munich Allemagne Jamal Musiala
57%
- 29 Borussia Dortmund Allemagne Mats Hummels
57%
- 27 Bayern Munich Allemagne Mats Hummels
57%
- 20 FC Barcelone Espagne Sergio Busquets
57%
- 22 Liverpool FC Angleterre Trent Alexander-Arnold
57%
- 19 Liverpool FC Angleterre Trent Alexander-Arnold
57%
- 15 Manchester United Angleterre Wayne Rooney
57%
- 5 Manchester United Angleterre Wayne Rooney
57%
- 6 Real Madrid Espagne Iker Casillas
56%
- 9 Real Madrid Espagne Iker Casillas
56%
- 7 Real Madrid Espagne Iker Casillas
56%
- 7 Manchester City Argentine Julian Alvarez
56%
- 24 FC Barcelone Allemagne Marc-André Ter Stegen
56%
- 16 Arsenal FC Allemagne Mesut Özil
56%
- 14 Real Madrid Allemagne Mesut Özil
56%
- 11 Real Madrid Allemagne Mesut Özil
56%
- 13 Werder Brême Allemagne Mesut Özil
56%
- 27 Inter Milan Italie Nicolo Barella
56%
- 26 Inter Milan Italie Nicolo Barella
56%
- 14 Liverpool FC Brésil Fabinho
55%
- 25 RB Leipzig Croatie Joško Gvardiol
55%
- 15 Juventus Turin Argentine Paulo Dybala
53%
- 20 Juventus Turin Argentine Paulo Dybala
53%
- 7 Manchester United Pays-Bas Robin van Persie
53%
- 9 Arsenal FC Pays-Bas Robin van Persie
53%
- 12 Inter Milan Pays-Bas Wesley Sneijder
53%
- 4 Inter Milan Pays-Bas Wesley Sneijder
53%
- 11 FC Barcelone Espagne Carles Puyol
52%
- 20 Manchester United Espagne David De Gea
52%
- 14 FC Barcelone Argentine Javier Mascherano
52%
- 19 FC Barcelone Argentine Javier Mascherano
52%
- 24 Naples Sénégal Kalidou Koulibaly
52%
- 25 Juventus Turin Croatie Mario Mandžukić
52%
- 29 Naples Belgique Dries Mertens
51%
- 13 Seville FC Maroc Yassine Bounou
51%
- 19 FC Barcelone Brésil Daniel Alves
49%
- 22 FC Barcelone Brésil Daniel Alves
49%
- 7 Atlético Madrid Uruguay Diego Forlan
49%
- 5 Atlético Madrid Uruguay Diego Forlan
49%
- 20 Naples Argentine Gonzalo Higuain
48%
- 20 Atlético Madrid Espagne Koke
48%
- 29 Liverpool FC Brésil Philippe Coutinho
48%
- 18 Bayern Munich Allemagne Bastian Schweinsteiger
47%
- 17 Bayern Munich Allemagne Bastian Schweinsteiger
47%
- 15 Bayern Munich Allemagne Bastian Schweinsteiger
47%
- 16 Bayern Munich Allemagne Bastian Schweinsteiger
47%
- 25 Benfica SL Uruguay Darwin Nunez
47%
- 20 Ajax Amsterdam Serbie Dušan Tadić
47%
- 29 Real Madrid Espagne Isco
47%
- 12 Real Madrid Espagne Isco
47%
- 25 Manchester City Portugal Joao Cancelo
47%
- 15 Manchester City Angleterre Raheem Sterling
47%
- 12 Manchester City Angleterre Raheem Sterling
47%
- 10 Juventus Turin Italie Andrea Pirlo
45%
- 7 Juventus Turin Italie Andrea Pirlo
45%
- 11 Real Madrid Espagne Xabi Alonso
45%
- 16 Real Madrid Espagne Xabi Alonso
45%
- 10 Real Madrid Espagne Xabi Alonso
45%
- 29 Gérone Ukraine Artem Dovbyk
44%
- 14 FC Barcelone Espagne David Villa
44%
- 8 Valence CF Espagne David Villa
44%
- 21 Arsenal FC Espagne Cesc Fabregas
43%
- 20 Arsenal FC Espagne Cesc Fabregas
43%
- 18 AC Milan Danemark Simon Kjaer
43%
- 26 Liverpool FC Pays-Bas Georginio Wijnaldum
41%
- 13 Ajax Amsterdam Côte d'Ivoire Sébastien Haller
41%
- 18 FC Barcelone France Eric Abidal
40%
- 23 Manchester City Italie Mario Balotelli
40%
- 22 Manchester United Portugal Nani
40%
- 15 Bayern Munich Allemagne Mario Götze
39%
- 11 Atlético Madrid Espagne Diego Costa
36%
- 28 Benfica SL Portugal Joao Félix
35%
- 29 Chelsea Espagne César Azpilicueta
32%
- 19 Chelsea Angleterre Mason Mount
32%
- 21 Bayern Munich Allemagne Miroslav Klose
32%
- 17 Inter Milan Brésil Douglas Maicon
31%
- 28 Ajax Amsterdam Pays-Bas Donny van de Beek
29%
- 26 Villareal CF Espagne Gerard Moreno
29%
- 19 Inter Milan Brésil Julio César
28%
- 18 Rennes Ghana Gyan Asamoah
25%
- 12 Sporting CP Portugal Rui Patricio
21%
Aucun quiz correspondant
Distribution des résultats
% des personnes avec chaque résultat
Percentile par nombre de réponses
Votre historique - résultats
Vous n’avez pas pris ce quiz